Write me a ta-ooh! Louis Tomlinson quotes - Statistics

General Stats
  • This quiz has been taken 92 times
  • The average score is 78 of 130
Answer Stats
Answer % Correct
a
98%
I
95%
me
90%
and
88%
like
83%
she
83%
tattoo
83%
write
83%
what
81%
do
76%
know
74%
don't
71%
I'm
71%
the
71%
you
69%
love
67%
on
67%
is
64%
okay
64%
to
64%
she's
60%
your
57%
be
55%
it
55%
of
55%
for
52%
this
52%
you're
52%
anything
50%
have
50%
in
50%
just
50%
pressure
48%
body
45%
could
45%
Google
45%
life
45%
lot
45%
that
45%
Chinese
43%
fair
43%
gonna
43%
rest
43%
swear
43%
word
43%
hey
40%
then
40%
saying
38%
so
38%
smiley
33%
but
31%
girl
31%
it's
31%
done
29%
face
29%
mean
29%
normally
29%
signature
29%
X's
29%
little
26%
might
26%
my
26%
quickly
26%
difficult
12%
thing
12%
right
7%
there's
2%
before
0%
No matching quizzes found
Score Distribution
Percent of People with Each Score
Percentile by Number Answered
Your Score History
You have not taken this quiz